FIFA Members That are NOT in the United Nations - Statistics

General Stats
  • This quiz has been taken 64,891 times
    7,394 since last reset
  • The average score is 16 of 26
Answer Stats
Confederation Answer % Correct
UEFA Scotland
88%
UEFA Wales
88%
UEFA Northern Ireland
86%
UEFA England
83%
UEFA Faroe Islands
70%
CONCACAF Curaçao
69%
AFC Palestine
69%
AFC Chinese Taipei
68%
CONCACAF US Virgin Islands
68%
UEFA Gibraltar
67%
CONCACAF British Virgin Islands
66%
CONCACAF Aruba
65%
CONCACAF Puerto Rico
60%
UEFA Kosovo
58%
OFC Tahiti
55%
CONCACAF Bermuda
54%
AFC Hong Kong
54%
OFC American Samoa
53%
AFC Guam
53%
AFC Macau
48%
OFC New Caledonia
46%
CONCACAF Cayman Islands
44%
CONCACAF Anguilla
42%
OFC Cook Islands
42%
CONCACAF Montserrat
41%
CONCACAF Turks and Caicos Islands
41%
No matching quizzes found
Score Distribution
Percent of People with Each Score
Percentile by Number Answered
Your Score History
You have not taken this quiz since the last reset